The Building Regulations 2000 : combustion appliances and fuel storage systems. Approved Document J (Record no. 101773)
[ view plain ]
| 000 -LEADER | |
|---|---|
| fixed length control field | 01870cam a2200421 4500 |
| 008 - FIXED-LENGTH DATA ELEMENTS--GENERAL INFORMATION | |
| fixed length control field | 011116n2001 000 0 eng u |
| 020 ## - INTERNATIONAL STANDARD BOOK NUMBER | |
| International Standard Book Number | 0117534943 |
| 035 ## - SYSTEM CONTROL NUMBER | |
| System control number | (Sirsi) u115616 |
| 050 ## - LIBRARY OF CONGRESS CALL NUMBER | |
| Classification number | 692.2 |
| 110 ## - MAIN ENTRY--CORPORATE NAME | |
| Corporate name or jurisdiction name as entry element | Department for Transport, Local Government and the Regions |
| 9 (RLIN) | 4091 |
| 240 ## - UNIFORM TITLE | |
| Uniform title | Approved Document J |
| 240 ## - UNIFORM TITLE | |
| Uniform title | Part J |
| 245 #4 - TITLE STATEMENT | |
| Title | The Building Regulations 2000 : combustion appliances and fuel storage systems. Approved Document J |
| 250 ## - EDITION STATEMENT | |
| Edition statement | 2002 ed. |
| 260 ## - PUBLICATION, DISTRIBUTION, ETC. | |
| Place of publication, distribution, etc. | London |
| Name of publisher, distributor, etc. | Stationery Office |
| Date of publication, distribution, etc. | 2001 |
| 300 ## - PHYSICAL DESCRIPTION | |
| Extent | 68p. |
| Other physical details | ill |
| Dimensions | 30cm. |
| 350 ## - PRICE (NR) (BK AM CF MU VM SE) [OBSOLETE] | |
| Price | 12 |
| 505 ## - FORMATTED CONTENTS NOTE | |
| Formatted contents note | J1 : air supply |
| 505 ## - FORMATTED CONTENTS NOTE | |
| Formatted contents note | J2 : discharge of products of combustion |
| 505 ## - FORMATTED CONTENTS NOTE | |
| Formatted contents note | J3 : protection of building |
| 505 ## - FORMATTED CONTENTS NOTE | |
| Formatted contents note | J4 : provision of information |
| 505 ## - FORMATTED CONTENTS NOTE | |
| Formatted contents note | J5 : protection of liquid fuel storage systems |
| 505 ## - FORMATTED CONTENTS NOTE | |
| Formatted contents note | J6 : protection against pollution |
| 520 ## - SUMMARY, ETC. | |
| Summary, etc. | New edition of approved document J, coming into effect from 1 April 2002 and introducing new requirements for notices providing the performance characteristics of hearths, fireplaces, flues or chimneys; the positioning and shielding of liquid fuel storage systems from fire in adjacent buildings and property; and the protection of bore holes, water and drainage courses against oil pollution. Existing requirements J1, J2 and J3 are also amended. View at www.safety.odpm.gov.uk. |
| 650 ## - SUBJECT ADDED ENTRY--TOPICAL TERM | |
| Topical term or geographic name entry element | BUILDING REGULATIONS 2000 APPROVED DOCUMENT J (2002 EDITION) |
| 650 ## - SUBJECT ADDED ENTRY--TOPICAL TERM | |
| Topical term or geographic name entry element | BUILDING REGULATIONS 2000 |
| 650 ## - SUBJECT ADDED ENTRY--TOPICAL TERM | |
| Topical term or geographic name entry element | CHIMNEYS |
| 650 ## - SUBJECT ADDED ENTRY--TOPICAL TERM | |
| Topical term or geographic name entry element | FIRE PROTECTION |
| 650 ## - SUBJECT ADDED ENTRY--TOPICAL TERM | |
| Topical term or geographic name entry element | FIREPLACES |
| 650 ## - SUBJECT ADDED ENTRY--TOPICAL TERM | |
| Topical term or geographic name entry element | FLUES |
| 650 ## - SUBJECT ADDED ENTRY--TOPICAL TERM | |
| Topical term or geographic name entry element | FUEL |
| 650 ## - SUBJECT ADDED ENTRY--TOPICAL TERM | |
| Topical term or geographic name entry element | GAS |
| 650 ## - SUBJECT ADDED ENTRY--TOPICAL TERM | |
| Topical term or geographic name entry element | OIL |
| 650 ## - SUBJECT ADDED ENTRY--TOPICAL TERM | |
| Topical term or geographic name entry element | POLLUTION CONTROL |
| 690 ## - LOCAL SUBJECT ADDED ENTRY--TOPICAL TERM (OCLC, RLIN) | |
| Topical term or geographic name as entry element | BUILT ENVIRONMENT-BUILDING STANDARDS |
| 856 ## - ELECTRONIC LOCATION AND ACCESS | |
| Uniform Resource Identifier | <a href="https://www.communities.gov.uk/index.asp?id=1165594">https://www.communities.gov.uk/index.asp?id=1165594</a> |
| Hours access method available | View the Approved Document on the ODPM website... |
| 942 ## - ADDED ENTRY ELEMENTS (KOHA) | |
| Suppress in OPAC | 0 |
| Withdrawn status | Lost status | Source of classification or shelving scheme | Damaged status | Not for loan | Home library | Current library | Shelving location | Date acquired | Cost, normal purchase price | Total Checkouts | Full call number | Barcode | Date last seen | Date last checked out | Copy number | Cost, replacement price | Price effective from | Koha item type |
|---|---|---|---|---|---|---|---|---|---|---|---|---|---|---|---|---|---|---|
| Dewey Decimal Classification | London | London | Folio | 05/12/2001 | 10.20 | 2 | F692.2 DEP | 30065130 | 06/08/2019 | 01/07/2002 | 1 | 10.20 | 06/08/2019 | Book |